000 00643cam a22002293a 4500
001 822
003 PGUSA
005 20140828082953.0
008 970201s1997||||xxu|||||s|||||000 1 eng d
040 _aPGUSA
_beng
042 _adc
050 4 _aPS
100 1 _aTymon, Frank
245 1 4 _aThe Tarn of Eternity
_h[electronic resource] /
_cFrank Tymon
260 _bProject Gutenberg,
_c1997
506 _aCopyrighted. Read the copyright notice inside this book for details.
516 _aElectronic text
653 _aAmerican fiction
830 0 _aProject Gutenberg
_v822
856 4 0 _uhttp://www.gutenberg.org/ebooks/822
942 _cEB
999 _c230173
_d230173